| 000 | 01613cam a22003014a 4500 | ||
|---|---|---|---|
| 001 | 12979235 | ||
| 005 | 20210414114121.0 | ||
| 008 | 021024s2004 ohua b 001 0 eng | ||
| 010 | _a 2002115010 | ||
| 020 | _a0324171862 | ||
| 040 |
_aDLC _cDLC _dDLC |
||
| 042 | _apcc | ||
| 050 | 0 | 0 | _aRA410.S26 |
| 082 | 0 | 0 |
_a338.4/33621 _222 |
| 100 | 1 | _aSanterre, Rexford E. | |
| 245 | 1 | 0 |
_aHealth economics :theories, insights, and industry studies. / _cRexford E. Santerre, Stephen P. Neun. |
| 250 | _a3rd ed. | ||
| 260 |
_aMason, Ohio : _bThomson/South-Western, _cc2004. |
||
| 300 |
_axvi, 584 p. : _bill. ; _c24 cm. |
||
| 504 | _aIncludes bibliographical references and indexes. | ||
| 505 | _aContents: Introduction -- Health and medical care: an economic perspective -- Cost and benefit analysis -- Health care systems and institutions -- The Demand for medical services -- The demand for medical insurance: traditional and managed care coverage -- Medical care production and costs -- Structure, conduct, performance and market analysis -- Government, health and medical care -- Government as health insurer -- The Private health insurance industry -- The Physician services industry -- The Hospital services industry -- The Long-term care industry -- Health care forum. | ||
| 650 | 0 | _aMedical economics. | |
| 700 | 1 | _aNeun, Stephen P. | |
| 856 | 4 | 1 |
_3Table of contents _uhttp://www.loc.gov/catdir/toc/fy041/2002115010.html |
| 906 |
_a7 _bcbc _corignew _d3 _eepcn _f20 _gy-gencatlg |
||
| 942 |
_2lcc _cBK |
||
| 999 |
_c2056 _d9556 |
||